000 00710cam a2200217 4500
001 ABS62160
008 000000n2000 000 0 eng u
035 _a(Sirsi) u105693
100 _aJones, A.
245 _aMore than small change for redundant banks
260 _c2000
490 _aProperty Week
_v65(15) 14 April 2000, 10-11(2)
520 _aDiscusses the task of disposing of redundant bank premises many of which were in rural locations. Notes the number of branches now held by Britain's largest banks.
590 _aABS
650 _aBARCLAYS BANK
650 _aREDUNDANT BUILDINGS
650 _aCHANGE OF USE
650 _aBANKS
690 _aPROPERTY-COMMERCIAL PROPERTY
942 _n0
999 _c63298
_d63298